Riconosci il Pokémon - Quiz n°581 - Statistics

Statistiche generali
  • Questo quiz è stato fatto 1 volte
  • Il punteggio medio è 7 su 10
Statistiche sulle risposte
Indizio Risposta % Corretto
Altezza 1,1 m
100%
Peso 33,5 kg
100%
Sesso 50% ♂, 50% ♀
100%
Abilità Aiutinsetto; Insonnia; Cecchino
100%
Tipo Coleottero / Veleno
100%
Stadio evoluzione Prima evoluzione
100%
Generazione Seconda
100%
Tasso di cattura 90 (20.1%)
0%
Pokémon Ariados
0%
Tasso di allevamento Veloce
0%
Nessun quiz corrispondente trovato
Distribuzione punteggi
Percentuale di utenti per punteggio
Percentile per numero di risposta
I tuoi punteggi nel tempo
Non hai fatto questo quiz